Financial institutions (Record no. 3753)

MARC details
000 -LEADER
fixed length control field 00585nam a22001817i 4500
020 ## - INTERNATIONAL STANDARD BOOK NUMBER
International Standard Book Number 9710858025
050 14 - LIBRARY OF CONGRESS CALL NUMBER
Classification number HG 4028
Item number C5.F17 1994
100 1# - MAIN ENTRY--PERSONAL NAME
Personal name Feliciano R. Fajardo
245 ## - TITLE STATEMENT
Title Financial institutions
Statement of responsibility, etc. Feliciano R. Fajardo, Manuel Manasala
250 ## - EDITION STATEMENT
Edition statement Third Edition
264 #1 - PRODUCTION, PUBLICATION, DISTRIBUTION, MANUFACTURE, AND COPYRIGHT NOTICE
Place of production, publication, distribution, manufacture Mandaluyong City:
Name of producer, publisher, distributor, manufacturer NBS Publishing,
Date of production, publication, distribution, manufacture, or copyright notice 1994.
300 ## - PHYSICAL DESCRIPTION
Extent xiii, 376 pages;
Dimensions 22 cm.
336 ## - CONTENT TYPE
Content type term text
Content type code txt
Source rdacontent
337 ## - MEDIA TYPE
Media type term unmediated
Media type code n
Source rdamedia
338 ## - CARRIER TYPE
Carrier type term volume
Carrier type code nc
Source rdacarrier
650 ## - SUBJECT ADDED ENTRY--TOPICAL TERM
Topical term or geographic name entry element 1.Financial institutions--International. I.Manansala, Manuel M. II.Title
942 ## - ADDED ENTRY ELEMENTS (KOHA)
Koha item type Filipiniana
Holdings
Withdrawn status Source of classification or shelving scheme Damaged status Not for loan Collection code Home library Current library Shelving location Date acquired Total Checkouts Full call number Barcode Date last seen Price effective from Koha item type
  Library of Congress Classification     Non-fiction Binangonan College Library Binangonan College Library Filipiniana Section 06/07/2023   HG 4028 C5.F17 1994 URSBIN-583 02/17/2016 09/11/2019 Filipiniana
  Library of Congress Classification     Non-fiction Binangonan College Library Binangonan College Library Filipiniana Section 06/07/2023   HG 4028 C5.F17 1994 URSBIN-582 05/05/2016 05/05/2016 Filipiniana
  Library of Congress Classification     Non-fiction Binangonan College Library Binangonan College Library Filipiniana Section 06/07/2023   HG 4028 C5.F17 1994 URSBIN-584 05/05/2016 05/05/2016 Filipiniana
  Library of Congress Classification     Non-fiction Binangonan College Library Binangonan College Library Filipiniana Section 06/07/2023   HG 4028 C5.F17 1994 URSBIN-3383 10/12/2019 09/11/2019 Filipiniana
  Library of Congress Classification     Non-fiction Binangonan College Library Binangonan College Library Filipiniana Section 06/07/2023   HG 4028 C5.F17 1994 URSBIN-3384 10/12/2019 09/11/2019 Filipiniana

University of Rizal System
Email us at univlibservices@urs.edu.ph

Visit our Website www.urs.edu.ph/library